000 00636nam a2200241Ia 4500
003 OSt
005 20221007073055.0
006 a|||||r|||| 00| 0
007 ta
008 221006b |||||||| |||| 00| 0 eng d
024 _a8,716
037 _cTextual
040 _aFLL
_cFLL
_beng
041 _2eng
_aeng
082 _aZ3y7, M0
100 _aZander M.
_9691863
245 0 _aCases and materials on the english legal system
250 _a3rd
260 _aLondon
_bWeidenfeld and Nicolson London
_c1980
300 _axxviii,476p
_ccm.
942 _hZ3y7, M0
_cTEXL
_2CC
999 _c1147625
_d1147625